|
|
|
|
| LEADER |
00959cam a2200277 7i4500 |
| 001 |
0000070875 |
| 005 |
20220810090000.0 |
| 020 |
|
|
|a 9781260310177 (electronic book)
|
| 090 |
0 |
0 |
|a HF5636
|b .S65 2020
|
| 100 |
1 |
|
|a Spiceland, J. David
|
| 245 |
1 |
0 |
|a Intermediate accounting
|c J. David Spiceland, Mark W. Nelson, Wayne B. Thomas.
|
| 250 |
|
|
|a Tenth Edition.
|
| 264 |
|
|
|a Dubuque:
|b McGraw-Hill Education,
|c 2020.
|
| 300 |
|
|
|a 1 online resource (xxi, 1293 pages):
|b color illustrations, text file, PDF.
|
| 336 |
|
|
|a text
|2 rdacontent
|
| 337 |
|
|
|a computer
|2 rdamedia
|
| 338 |
|
|
|a online resource
|2 rdacarrier
|
| 650 |
|
0 |
|a Accounting
|
| 655 |
|
0 |
|a ELectronic books
|
| 700 |
1 |
|
|a Nelson, Mark
|
| 700 |
1 |
|
|a Thomas, Wayne
|
| 856 |
4 |
2 |
|u http://library.unisel.edu.my/web/guest/mylibrary
|
| 997 |
|
|
|a Business & Accountancy, Faculty
|
| 998 |
|
|
|a Accountancy, Diploma
|
| 998 |
|
|
|a Accountancy, Degree
|
| 999 |
|
|
|a EBO0013962
|b EBOOK
|c EBOOK
|e Electronic resources
|